[Event "Titled Tuesday intern op 08th Mar Late"]
[Site "Chess.com INT"]
[Date "2022.03.08"]
[Round "2"]
[White "Dos Santos, Lucas Aparecido"]
[Black "Dolzhikova, Kateryna"]
[Result "0-1"]
[WhiteElo "2014"]
[BlackElo "2199"]
[PlyCount "74"]
[EventDate "2022.03.08"]
[EventType "swiss (blitz)"]
[EventRounds "11"]
[EventCountry "USA"]
[SourceTitle "CBM 207 Extra"]
[Source "ChessBase"]
[SourceDate "2022.05.31"]
[SourceVersion "1"]
[SourceVersionDate "2022.05.31"]
[SourceQuality "1"]

1. e4 c5 2. Nf3 Nc6 3. d4 cxd4 4. Nxd4 Nf6 5. Nc3 e5 6. Ndb5 Bc5 7. Nd5 Nxd5 8. exd5 Nd4 9. Nxd4 Bxd4 10. c3 Bb6 11. Be2 0-0 12. 0-0 d6 13. c4 f5 14. Kh1 f4 15. Bf3 Bf5 16. Qe2 Qe7 17. Bxf4 Rae8 18. Bg3 Qg5 19. b4 e4 20. Bh5 g6 21. Bxd6 Rf6 22. Bxg6 Rxg6 23. Bg3 h5 24. h4 Qg4 25. Qxg4 Rxg4 26. Kh2 Bd8 27. Rae1 Bxh4 28. Bxh4 Rxh4+ 29. Kg1 Bg6 30. Re3 Kg7 31. f3 exf3 32. Rexf3 Rxc4 33. Rg3 Rxb4 34. Rf5 Rg4 35. Rxg4 hxg4 36. Rg5 Re4 37. Rxg4 Rxg4 0-1

[Event "Titled Tuesday intern op 08th Mar Late"]
[Site "Chess.com INT"]
[Date "2022.03.08"]
[Round "6"]
[White "Dos Santos, Lucas Aparecido"]
[Black "Petrova, Irina"]
[Result "0-1"]
[WhiteElo "2014"]
[BlackElo "2127"]
[PlyCount "118"]
[EventDate "2022.03.08"]
[EventType "swiss (blitz)"]
[EventRounds "11"]
[EventCountry "USA"]
[SourceTitle "CBM 207 Extra"]
[Source "ChessBase"]
[SourceDate "2022.05.31"]
[SourceVersion "1"]
[SourceVersionDate "2022.05.31"]
[SourceQuality "1"]

1. e4 d6 2. d4 Nf6 3. Nc3 e5 4. Be3 exd4 5. Bxd4 Nc6 6. Be3 Be7 7. f4 0-0 8. Bd3 Re8 9. Nf3 Bf8 10. Qd2 d5 11. e5 Ng4 12. Bg1 g6 13. 0-0-0 Bh6 14. h3 Ngxe5 15. Nxe5 Nxe5 16. g4 Nxd3+ 17. cxd3 c6 18. Kb1 Qd6 19. g5 Bg7 20. Ne2 Bf5 21. Ng3 Qd7 22. h4 Bg4 23. Rf1 Qc7 24. h5 c5 25. hxg6 hxg6 26. Rh4 Bf5 27. Nxf5 gxf5 28. Rc1 c4 29. dxc4 dxc4 30. Qc2 c3 31. Qxf5 cxb2 32. Qh7+ Kf8 33. Qxg7+ Kxg7 34. Rxc7 Re1+ 35. Kxb2 Rxg1 36. Rxb7 Re8 37. Rxa7 Re3 38. Rh2 Rf1 39. Ra4 Ree1 40. Rg2 Rb1+ 41. Ka3 Rfc1 42. Rb4 Ra1 43. Rb3 Rc7 44. f5 Ra7+ 45. Kb4 R7xa2 46. Rxa2 Rxa2 47. Rg3 Rf2 48. f6+ Kg6 49. Kc5 Rf5+ 50. Kd6 Rxg5 51. Rxg5+ Kxg5 52. Ke5 Kg6 53. Kf4 Kxf6 54. Kf3 Kf5 55. Ke3 Kg4 56. Kf2 f6 57. Kf1 Kf3 58. Ke1 f5 59. Kf1 f4 0-1